[Event "Titled Tue 10th Jun Late"]
[Site "chess.com INT"]
[Date "2025.06.10"]
[Round "1"]
[White "Klys, Kacper"]
[Black "Barria, Jose"]
[Result "0-1"]
[BlackTitle "FM"]
[WhiteElo "2218"]
[BlackElo "2371"]
[WhiteFideId "21005281"]
[BlackFideId "1939300"]
[EventDate "2025.06.10"]

1. e4 c5 2. Nf3 e6 3. d4 cxd4 4. Nxd4 Nc6 5. Bf4 a6 6. Nxc6 bxc6 7. Qd3 d5 8.
Nc3 Nf6 9. O-O-O Be7 10. Be2 O-O 11. e5 Nd7 12. h4 a5 13. Qg3 Re8 14. h5 Ba6 15.
Bh6 g6 16. hxg6 fxg6 17. Bh5 Nf8 18. f4 Qc7 19. Bg5 Bxg5 20. Qxg5 Qe7 21. Qg3
Rab8 22. a3 Rb7 23. Be2 Bxe2 24. Nxe2 Reb8 25. Qc3 c5 26. b3 a4 27. bxa4 Ra7 28.
Kd2 Rxa4 29. Rb1 Rba8 30. Ra1 d4 31. Qb2 Qa7 32. Nc1 c4 33. c3 dxc3+ 34. Qxc3
Qf2+ 35. Ne2 Rd8+ 36. Kc1 Qxe2 37. Qc2 Qe3+ 0-1

[Event "Titled Tue 10th Jun Late"]
[Site "chess.com INT"]
[Date "2025.06.10"]
[Round "1"]
[White "Sobek, Jaroslav"]
[Black "Marchand, Calix"]
[Result "0-1"]
[WhiteTitle "FM"]
[WhiteElo "2195"]
[BlackElo "2108"]
[WhiteFideId "301388"]
[BlackFideId "2640856"]
[EventDate "2025.06.10"]

1. d4 Nf6 2. c4 d6 3. Nf3 g6 4. Nc3 Bg7 5. h3 c5 6. d5 e5 7. dxe6 fxe6 8. e4 Nc6
9. Be2 e5 10. O-O Nd4 11. Nxd4 cxd4 12. Nb5 a6 13. Na3 Nxe4 14. Bf3 Nf6 15. Bg5
O-O 16. Nc2 h6 17. Bd2 h5 18. Re1 Bf5 19. Bg5 Qb6 20. Bxf6 Bxf6 21. b3 d3 22.
Ne3 e4 23. Nd5 Qd4 24. Nxf6+ Rxf6 25. Be2 Bxh3 26. Bf1 Qxf2+ 27. Kh1 Bg4 28. Qb1
d2 0-1

[Event "Titled Tue 10th Jun Late"]
[Site "chess.com INT"]
[Date "2025.06.10"]
[Round "1"]
[White "Ersoz, Teoman Guney"]
[Black "Aung Thant Zin"]
[Result "1-0"]
[WhiteTitle "CM"]
[BlackTitle "FM"]
[WhiteElo "2052"]
[BlackElo "2268"]
[WhiteFideId "44537050"]
[BlackFideId "13000063"]
[EventDate "2025.06.10"]

1. d4 Nf6 2. Nc3 d5 3. Bg5 Nbd7 4. f3 h6 5. Bxf6 Nxf6 6. e4 e6 7. e5 Nd7 8. f4
c5 9. Nf3 Be7 10. dxc5 Bxc5 11. Bd3 Bb4 12. O-O Bxc3 13. bxc3 Nc5 14. Nd4 O-O
15. Qe2 Bd7 16. Rae1 Rc8 17. f5 Nxd3 18. Qxd3 exf5 19. Nxf5 Bxf5 20. Qxf5 Rc6
21. Rf3 Re6 22. Rd3 Qa5 23. Red1 Rd8 24. c4 Qc5+ 25. Kh1 Qxc4 26. Rf3 Rf8 27. a3
b5 28. Qd3 Qxd3 29. Rfxd3 Rxe5 30. Rxd5 Rfe8 31. h3 a5 32. Kh2 b4 33. axb4 axb4
34. R5d4 Re4 35. Kg3 R8e6 36. R1d3 Rg6+ 37. Kf2 Rxd4 38. Rxd4 Rc6 39. Rd2 Rc3
40. Ke2 b3 41. cxb3 Rxb3 42. Kf2 Kh7 43. Rd6 g5 44. Kg1 f5 45. Rf6 f4 46. Ra6 1-0

[Event "Titled Tue 10th Jun Late"]
[Site "chess.com INT"]
[Date "2025.06.10"]
[Round "1"]
[White "Norman, Kseniya"]
[Black "Lewicki, Miroslaw"]
[Result "1-0"]
[WhiteTitle "WFM"]
[BlackTitle "IM"]
[WhiteElo "2069"]
[BlackElo "2317"]
[WhiteFideId "13518780"]
[BlackFideId "1113380"]
[EventDate "2025.06.10"]

1. e4 c5 2. Nc3 Nc6 3. f4 g6 4. Nf3 Bg7 5. Bb5 e6 6. Bxc6 dxc6 7. e5 Ne7 8. Ne4
O-O 9. Nxc5 b6 10. Ne4 Ba6 11. d3 Nf5 12. O-O Qd5 13. Qe2 Rfd8 14. Nc3 Qd7 15.
g4 Nd4 16. Nxd4 Qxd4+ 17. Be3 Qb4 18. Rab1 c5 19. a3 Qa5 20. b4 Qxa3 21. Rb3
cxb4 22. Rxa3 bxa3 23. Ra1 Bf8 24. Nb1 Rac8 25. Nxa3 Bb7 26. Nc4 b5 27. Rxa7
bxc4 28. Rxb7 cxd3 29. cxd3 Rc3 30. d4 Ra8 31. Rb1 Raa3 32. Bf2 Kg7 33. Qe4 Be7
34. f5 Bg5 35. f6+ Kh6 36. h4 Bd2 37. g5+ Kh5 38. Qe2+ Rf3 39. Kg2 Kg4 40. Qxd2
Rf4 41. Qe2+ Kf5 42. Bg3 h5 43. Bxf4 Rg3+ 44. Kf1 Rf3+ 45. Ke1 Re3 46. Bxe3 Ke4
47. Bf2+ Kf5 48. Qf3# 1-0

[Event "Titled Tue 10th Jun Late"]
[Site "chess.com INT"]
[Date "2025.06.10"]
[Round "1"]
[White "Banerjee, Supratit"]
[Black "Azizoglu, Ferzan"]
[Result "1/2-1/2"]
[WhiteTitle "FM"]
[WhiteElo "2311"]
[BlackElo "2055"]
[WhiteFideId "2410079"]
[BlackFideId "6302726"]
[EventDate "2025.06.10"]

1. e4 c5 2. c3 d5 3. exd5 Qxd5 4. d4 cxd4 5. cxd4 e6 6. Nc3 Bb4 7. Nf3 Nf6 8.
Bd2 Bxc3 9. bxc3 O-O 10. Bd3 b6 11. O-O Ba6 12. Qe2 Bxd3 13. Qxd3 Nbd7 14. Rfe1
Rac8 15. Ne5 Nxe5 16. Rxe5 Qc4 17. Qg3 Kh8 18. h4 Nd5 19. Rc1 Qxa2 20. Qd3 Qc4
21. Qb1 a5 22. h5 a4 23. h6 gxh6 24. Bxh6 Rg8 25. Qe4 Rg6 26. Qh4 Rcg8 27. g3 a3
28. Rh5 a2 29. Bf4 R8g7 30. Bh6 Rg8 31. Bf4 R8g7 32. Bh6 Rg8 1/2-1/2

[Event "Titled Tue 10th Jun Late"]
[Site "chess.com INT"]
[Date "2025.06.10"]
[Round "1"]
[White "Hofstadler, Mario"]
[Black "Ahmad, Al Khatib"]
[Result "1/2-1/2"]
[WhiteTitle "CM"]
[BlackTitle "GM"]
[WhiteElo "2172"]
[BlackElo "2172"]
[WhiteFideId "1660497"]
[BlackFideId "8103178"]
[EventDate "2025.06.10"]

1. e4 d6 2. Nf3 Nf6 3. Nc3 e5 4. Bc4 Be7 5. d3 O-O 6. h3 c6 7. Bb3 b5 8. O-O
Nbd7 9. d4 b4 10. dxe5 Nxe5 11. Ne2 Nxe4 12. Nxe5 dxe5 13. Be3 Ba6 14. Qxd8
Rfxd8 15. Rfe1 Bc5 16. Bxc5 Nxc5 17. Ng3 Nxb3 18. axb3 Bb5 19. Rxe5 Rd2 20. Rc5
g6 21. Ne4 Re2 22. Nd6 Rd8 23. Nxb5 cxb5 24. Rxb5 Rdd2 25. Rf1 Rxc2 26. Rxb4
Rxb2 27. Ra4 Re7 28. Rfa1 Ree2 29. Rf1 Rxb3 30. Rxa7 Rbb2 31. Raa1 Kg7 32. Rab1
Rxf2 33. Rxf2 Rxb1+ 34. Kh2 Rb4 35. Ra2 h5 36. Kg3 h4+ 37. Kf3 Rb3+ 38. Kf2 g5
39. Ra6 f6 40. Ra5 Kg6 41. Rc5 Rb2+ 42. Kf3 Rb3+ 43. Kf2 Rb4 44. Ra5 Re4 45. Rb5
Re5 46. Rb4 Kf5 47. Kf3 Rc5 48. Ra4 Rc3+ 49. Kf2 Rc2+ 50. Kf3 Rc3+ 51. Kf2 Rd3
52. Rb4 Rd5 53. Ra4 Ke5 54. Kf3 f5 55. Rb4 Ra5 56. Rc4 Ra3+ 57. Kf2 Ra2+ 58. Kf3
Ra3+ 59. Kf2 Ra5 60. Rb4 Rd5 61. Ra4 Rd4 62. Ra8 Kf4 63. Ra2 Rb4 64. Rc2 Rb3 65.
Ra2 Rb4 66. Rc2 Ra4 67. Rb2 Re4 68. Ra2 Rd4 69. Rb2 Rc4 70. Ra2 Rb4 1/2-1/2

[Event "Titled Tue 10th Jun Late"]
[Site "chess.com INT"]
[Date "2025.06.10"]
[Round "1"]
[White "Nita, Lucian"]
[Black "Sieciechowicz, Marcin"]
[Result "1-0"]
[BlackTitle "IM"]
[WhiteElo "2143"]
[BlackElo "2413"]
[WhiteFideId "1206923"]
[BlackFideId "1130170"]
[EventDate "2025.06.10"]

1. e4 e6 2. d3 d5 3. Nd2 Nf6 4. Ngf3 Bc5 5. h3 dxe4 6. dxe4 Nc6 7. Be2 O-O 8.
O-O e5 9. c3 a5 10. Qc2 h6 11. b3 Be6 12. a3 Qe7 13. Bb2 Nd7 14. b4 axb4 15.
axb4 Bb6 16. Rxa8 Rxa8 17. Ra1 Rxa1+ 18. Bxa1 Qd8 19. Bc4 Qa8 20. Bb2 Qa7 21.
Bxe6 Bxf2+ 22. Kh2 fxe6 23. Qb3 Kf7 24. b5 Ne7 25. Nc4 Ng6 26. Qd1 Ke8 27. b6
Qa6 28. Ncxe5 Ngxe5 29. Nxe5 Nxe5 30. bxc7 Qa8 31. Qh5+ Nf7 32. Qb5+ Ke7 33.
Ba3+ Kf6 34. Qd7 Qxa3 35. c8=Q Qc1 36. Qxe6+ 1-0

[Event "Titled Tue 10th Jun Late"]
[Site "chess.com INT"]
[Date "2025.06.10"]
[Round "1"]
[White "Paszewski, Mateusz"]
[Black "Moussard, Jules"]
[Result "0-1"]
[WhiteTitle "FM"]
[BlackTitle "GM"]
[WhiteElo "2361"]
[BlackElo "2597"]
[WhiteFideId "1141058"]
[BlackFideId "642908"]
[EventDate "2025.06.10"]

1. Nf3 Nf6 2. c4 g6 3. b3 Bg7 4. Bb2 d6 5. d4 O-O 6. g3 e5 7. dxe5 Ng4 8. Bg2
Nc6 9. O-O dxe5 10. h3 Nh6 11. Qc1 e4 12. Bxg7 Kxg7 13. Nfd2 f5 14. Nc3 Be6 15.
Rd1 Qf6 16. Nf1 Rad8 17. Rxd8 Rxd8 18. Ne3 Nd4 19. Kf1 c6 20. Qb2 Nf7 21. Rd1 h5
22. Nc2 Nxc2 23. Qxc2 h4 24. Rxd8 Qxd8 25. gxh4 Qxh4 26. Qd2 Qf6 27. Nd1 Qa1 28.
Qc3+ Qxc3 29. Nxc3 Kf6 30. h4 Ke5 31. Ke1 Kf4 32. Na4 Kg4 33. Nc5 Bc8 34. f3+
exf3 35. Bxf3+ Kxh4 36. e4 Ne5 37. Be2 f4 38. Kf2 g5 0-1

[Event "Titled Tue 10th Jun Late"]
[Site "chess.com INT"]
[Date "2025.06.10"]
[Round "1"]
[White "Lazaro Azcutia, Miguel"]
[Black "Navoyan, Gagik"]
[Result "0-1"]
[WhiteTitle "CM"]
[BlackTitle "CM"]
[WhiteElo "2275"]
[BlackElo "2186"]
[WhiteFideId "54538254"]
[BlackFideId "13314866"]
[EventDate "2025.06.10"]

1. e4 e5 2. Nf3 Nc6 3. Nc3 Nf6 4. Bb5 Bb4 5. O-O O-O 6. d3 d6 7. Ne2 Ne7 8. Ng3
Ng6 9. c3 c6 10. Ba4 Ba5 11. d4 h6 12. h3 Re8 13. Re1 Bd7 14. Be3 exd4 15. Bxd4
Bb6 16. Bb3 Be6 17. Qd2 Bxb3 18. axb3 Ne5 19. Nh2 Ng6 20. Nf3 d5 21. Bxf6 Qxf6
22. exd5 cxd5 23. Qxd5 Nf4 24. Rxe8+ Rxe8 25. Qxb7 Nd3 26. Nh1 Re2 27. Rf1 Rxb2
28. Qa8+ Kh7 29. Qe4+ Qg6 30. Qxg6+ fxg6 31. b4 Rc2 32. Rd1 Nxf2 33. Nxf2 Bxf2+
34. Kf1 Bb6 35. Rd3 Rf2+ 36. Ke1 Rxg2 37. Ne5 Bc7 38. Nd7 h5 39. c4 g5 40. b5 g4
41. hxg4 Rxg4 42. c5 Rb4 43. b6 axb6 44. cxb6 Bxb6 45. Rd5 g6 46. Nf8+ Kg7 47.
Ne6+ Kf6 48. Nf4 Rxf4 49. Rd6+ Kg5 50. Rxb6 h4 51. Ke2 h3 52. Rb1 Kh4 53. Rh1 g5 0-1

[Event "Titled Tue 10th Jun Late"]
[Site "chess.com INT"]
[Date "2025.06.10"]
[Round "1"]
[White "Montano Vicente, Guadalupe"]
[Black "Sapocinic, Semion"]
[Result "0-1"]
[BlackTitle "FM"]
[WhiteElo "1938"]
[BlackElo "2296"]
[WhiteFideId "5181399"]
[BlackFideId "13908693"]
[EventDate "2025.06.10"]

1. d4 Nf6 2. c4 c6 3. Nc3 d5 4. Nf3 e6 5. Bg5 h6 6. Bh4 dxc4 7. a4 Bb4 8. Bxf6
Qxf6 9. e3 b5 10. Nd2 O-O 11. Be2 Bb7 12. Bf3 Qe7 13. axb5 Bxc3 14. bxc3 cxb5
15. O-O a6 16. Bxb7 Qxb7 17. e4 Nd7 18. f4 Nf6 19. Qe2 Qc6 20. Rf3 Nd7 21. Rg3
f5 22. Qh5 Rf6 23. e5 Rf7 24. Qxh6 b4 25. Qg6 bxc3 26. Rxc3 Qd5 27. Nf3 Nf8 28.
Qg3 Rb7 29. Rac1 Rc8 30. h4 a5 31. Qf2 a4 32. Nd2 Rb4 33. h5 Rb2 34. h6 gxh6 35.
Rg3+ Kh7 36. Rh3 Ng6 37. Rcc3 Rd8 38. g4 Qxd4 39. Qxd4 Rxd4 40. gxf5 Nxf4 41.
Rhf3 Ne2+ 42. Kf1 Nxc3 43. f6 Rdxd2 44. Ke1 Rd1# 0-1

[Event "Titled Tue 10th Jun Late"]
[Site "chess.com INT"]
[Date "2025.06.10"]
[Round "1"]
[White "Yeganegi, Barad"]
[Black "Demchenko, Svitlana"]
[Result "1-0"]
[WhiteTitle "FM"]
[BlackTitle "WIM"]
[WhiteElo "2400"]
[BlackElo "2135"]
[WhiteFideId "42516340"]
[BlackFideId "14149893"]
[EventDate "2025.06.10"]

1. c4 Nf6 2. Nc3 g6 3. d4 d6 4. e4 Bg7 5. f4 O-O 6. Nf3 c5 7. d5 e6 8. Be2 exd5
9. cxd5 Re8 10. e5 dxe5 11. fxe5 Ng4 12. e6 fxe6 13. d6 Nc6 14. O-O Nd4 15. Ne4
Bd7 16. Bg5 Qb6 17. Nxd4 Bxd4+ 18. Kh1 Bc6 19. Qc2 Bxe4 20. Qxe4 Nf2+ 21. Rxf2
Bxf2 22. Rf1 Bd4 23. Be7 Qc6 24. Qxe6+ Kh8 25. Bc4 Bg7 26. Rf7 Qa4 27. Bb3 Qd4
28. h4 Rad8 29. h5 Rxd6 30. Qxd6 Qxd6 31. Bxd6 Re1+ 32. Kh2 Bxb2 33. h6 Re8 34.
Bf8 Be5+ 35. Kh3 Bd4 36. Bg7+ Kg8 37. Rd7+ c4 38. Bxc4+ Re6 39. Bxe6# 1-0

[Event "Titled Tue 10th Jun Late"]
[Site "chess.com INT"]
[Date "2025.06.10"]
[Round "1"]
[White "Sivakumar, Shaashwath"]
[Black "Timmermans, Mark"]
[Result "0-1"]
[WhiteTitle "FM"]
[BlackTitle "IM"]
[WhiteElo "2216"]
[BlackElo "2405"]
[WhiteFideId "30912156"]
[BlackFideId "1026399"]
[EventDate "2025.06.10"]

1. d4 Nf6 2. c4 e6 3. g3 d5 4. Bg2 Be7 5. Nf3 O-O 6. O-O dxc4 7. Qc2 b5 8. a4 b4
9. Nfd2 c6 10. Nxc4 Qxd4 11. Be3 Qd8 12. Rd1 Nd5 13. Nbd2 Nd7 14. Bd4 c5 15. e4
N5b6 16. Be3 Ba6 17. a5 Nxc4 18. Nxc4 Qc7 19. Bf4 e5 20. Bh3 Rad8 21. Rxd7 Rxd7
22. Bxe5 Qc6 23. Bxg7 Bxc4 24. Bxf8 Bd3 25. Qd1 Kxf8 26. Bxd7 Qxd7 27. Qh5 Bxe4
28. Rd1 Qe6 29. Qe2 Bc6 30. Qxe6 fxe6 31. f4 Bf6 32. Rd6 Bd5 33. Rd7 c4 34. Rxa7
Bd4+ 0-1

[Event "Titled Tue 10th Jun Late"]
[Site "chess.com INT"]
[Date "2025.06.10"]
[Round "1"]
[White "Tanriverdi, Enes"]
[Black "Sakhayi, Mostafa"]
[Result "1-0"]
[WhiteTitle "IM"]
[BlackTitle "CM"]
[WhiteElo "2413"]
[BlackElo "2166"]
[WhiteFideId "34543279"]
[BlackFideId "12512532"]
[EventDate "2025.06.10"]

1. e4 e5 2. Nf3 Nc6 3. Bc4 Nf6 4. d3 Be7 5. O-O O-O 6. Re1 d6 7. a3 Be6 8. Nbd2
Qd7 9. h3 Rfe8 10. Bxe6 Qxe6 11. Nf1 d5 12. Ng3 dxe4 13. dxe4 h6 14. Qe2 a6 15.
Be3 Rad8 16. Rad1 Qa2 17. c3 Qb3 18. Nh2 Rxd1 19. Rxd1 Rd8 20. Rxd8+ Bxd8 21.
Ng4 Qe6 22. Nf5 Ne7 23. Qd3 Nd7 24. b4 Nxf5 25. exf5 Qd6 26. Qe4 c6 27. Kh2 h5
28. Bc5 Nxc5 29. bxc5 Qxc5 30. Nxe5 Bc7 31. f4 Qxc3 32. Nf3 Qc1 33. Qe8+ Kh7 34.
Ng5+ 1-0

[Event "Titled Tue 10th Jun Late"]
[Site "chess.com INT"]
[Date "2025.06.10"]
[Round "1"]
[White "Venskaya, Nika"]
[Black "Ghimoyan, Narek"]
[Result "0-1"]
[WhiteTitle "WCM"]
[BlackTitle "CM"]
[WhiteElo "1926"]
[BlackElo "2273"]
[WhiteFideId "13523503"]
[BlackFideId "13315412"]
[EventDate "2025.06.10"]

1. Nf3 Nf6 2. d4 e6 3. g3 d5 4. Bg2 Be7 5. O-O O-O 6. c4 dxc4 7. Qc2 a6 8. a4
Bd7 9. Qxc4 Bc6 10. Qc2 Nbd7 11. Nc3 Bb4 12. Bg5 h6 13. Bxf6 Nxf6 14. Rfd1 Bxc3
15. bxc3 Be4 16. Qb2 Qe7 17. Nd2 Bxg2 18. Kxg2 c5 19. Nf3 c4 20. Ne5 Rfc8 21.
Rab1 Rab8 22. a5 Nd5 23. Qc2 h5 24. e4 Nf6 25. Rb4 Qc7 26. Rdb1 Qxa5 27. Rxb7
Rxb7 28. Rxb7 Rc7 29. Rb8+ Kh7 30. Nxf7 Rxf7 31. e5+ g6 32. exf6 Qd5+ 33. f3
Rxf6 34. Qe4 Qf5 35. Rb7+ Kh6 36. Qe3+ g5 37. Qe4 g4 38. Qe3+ Kg6 39. f4 Qd5+
40. Kf2 Qxb7 41. Qe5 Qb2+ 42. Kg1 Qc1+ 43. Kf2 Qc2+ 44. Kg1 Qf5 0-1

[Event "Titled Tue 10th Jun Late"]
[Site "chess.com INT"]
[Date "2025.06.10"]
[Round "1"]
[White "Dubnevych, Maksym"]
[Black "Ernst, Luca"]
[Result "1-0"]
[WhiteTitle "FM"]
[BlackTitle "FM"]
[WhiteElo "2296"]
[BlackElo "2215"]
[WhiteFideId "14184001"]
[BlackFideId "45117055"]
[EventDate "2025.06.10"]

1. Nc3 c5 2. e4 Nc6 3. Bb5 Nd4 4. Nf3 a6 5. Bd3 e6 6. O-O Nxf3+ 7. Qxf3 Bd6 8.
Re1 Be5 9. Ne2 Qc7 10. h3 c4 11. Bxc4 Qxc4 12. d3 Qxc2 13. d4 Bf6 14. Be3 d6 15.
Qg3 Qxe4 16. Qxd6 Be7 17. Qg3 Nf6 18. Nc3 Qg6 19. Qc7 Bd8 20. Qd6 Be7 21. Qc7
Bd7 22. Qxb7 O-O 23. d5 Rab8 24. Qa7 exd5 25. Bf4 Rbe8 26. Bg3 Ra8 27. Qb7 Be6
28. Qxe7 Nh5 29. Ne2 Rae8 30. Qa3 d4 31. Nxd4 Nxg3 32. Qxg3 Qf6 33. Qe5 Qh6 34.
Re3 f6 35. Qd6 Bf7 36. Rae1 Rxe3 37. Rxe3 Qg5 38. Nc6 Qd5 39. Ne7+ 1-0

[Event "Titled Tue 10th Jun Late"]
[Site "chess.com INT"]
[Date "2025.06.10"]
[Round "1"]
[White "Swara Lakshmi S Nair"]
[Black "Zieba, Hubert"]
[Result "0-1"]
[WhiteTitle "WCM"]
[BlackTitle "CM"]
[WhiteElo "2187"]
[BlackElo "2233"]
[WhiteFideId "25629239"]
[BlackFideId "21844704"]
[EventDate "2025.06.10"]

1. e4 c5 2. Nf3 Nc6 3. d4 cxd4 4. Nxd4 g6 5. Nc3 Bg7 6. Be3 Nf6 7. Bc4 O-O 8.
Bb3 d6 9. f3 Bd7 10. Qd2 Qa5 11. O-O-O Rfc8 12. Kb1 Ne5 13. h4 b5 14. Bg5 Nc4
15. Bxc4 Rxc4 16. Nb3 Qc7 17. Bxf6 exf6 18. Qxd6 Qxd6 19. Rxd6 Be8 20. Rhd1 Rcc8
21. Nd5 Bf8 22. Nxf6+ Kg7 23. Nxe8+ Rxe8 24. R6d5 a6 25. g4 Rac8 26. Nd4 Rc4 27.
Rd7 Kg8 28. b3 Rc3 29. Rd3 Rcc8 30. Kb2 Rc5 31. c3 h5 32. g5 Rec8 33. Ra7 Bg7
34. Rxa6 Rxc3 35. Rxc3 Bxd4 36. a4 b4 37. Rd6 Bxc3+ 38. Ka2 Be5 39. Rd5 Bg3 40.
a5 Bxh4 41. Rb5 Bf2 42. Rxb4 h4 43. Rc4 Rxc4 44. bxc4 h3 0-1

[Event "Titled Tue 10th Jun Late"]
[Site "chess.com INT"]
[Date "2025.06.10"]
[Round "1"]
[White "Naroditsky, Daniel"]
[Black "Venkatesh, Narayan"]
[Result "1-0"]
[WhiteTitle "GM"]
[BlackTitle "FM"]
[WhiteElo "2619"]
[BlackElo "2168"]
[WhiteFideId "2026961"]
[BlackFideId "30987881"]
[EventDate "2025.06.10"]

1. e4 e6 2. d4 d5 3. exd5 exd5 4. Nf3 Nf6 5. Bd3 Bd6 6. O-O O-O 7. h3 h6 8. Re1
Be6 9. Ne5 Nbd7 10. Nc3 c6 11. Bf4 Qc7 12. Qf3 Rfe8 13. Re2 b5 14. Bxb5 cxb5 15.
Nxb5 Qb6 16. Nxd7 Bxd7 17. Nxd6 Rxe2 18. Qxe2 Qxb2 19. Re1 Qxa2 20. Be5 Ne8 21.
Nb7 Rc8 22. Nc5 Bf5 23. Qf3 Qxc2 24. Qxd5 a5 25. Ra1 Qc3 26. Rf1 Qb4 27. g4 Bg6
28. Qd7 Ra8 29. Qc6 Rd8 30. Nb7 Qe7 31. Nxd8 Qxd8 32. Rc1 Nf6 33. Qc8 Qxc8 34.
Rxc8+ Kh7 35. Bxf6 gxf6 36. d5 a4 37. d6 a3 38. Ra8 f5 39. Rxa3 fxg4 40. d7 Kg7
41. d8=Q Bf5 42. Qd4+ Kg6 43. Ra6+ f6 44. Qxf6+ Kh5 45. Qxh6# 1-0

[Event "Titled Tue 10th Jun Late"]
[Site "chess.com INT"]
[Date "2025.06.10"]
[Round "1"]
[White "Perry, Patrick"]
[Black "Arakelyan, Manvel"]
[Result "1-0"]
[BlackTitle "FM"]
[WhiteElo "2296"]
[BlackElo "2326"]
[WhiteFideId "30917727"]
[BlackFideId "13317415"]
[EventDate "2025.06.10"]

1. e4 c5 2. d4 cxd4 3. Nf3 Nc6 4. Nxd4 Nf6 5. Nc3 e6 6. Ndb5 d6 7. Bf4 e5 8. Bg5
a6 9. Na3 b5 10. Bxf6 gxf6 11. Nd5 f5 12. c3 Bg7 13. Bd3 Be6 14. Qh5 O-O 15.
exf5 Bxd5 16. f6 e4 17. fxg7 Re8 18. Be2 Re5 19. Qh6 Ne7 20. O-O Nf5 21. Qf4
Nxg7 22. Nc2 Ne6 23. Qe3 Qh4 24. Qg3+ Qg5 25. Qxg5+ Rxg5 26. f4 Rg7 27. Ne3 Bb7
28. f5 Nc5 29. Rad1 Rd8 30. Nd5 Kf8 31. g3 Rg5 32. Ne3 h5 33. Kf2 Re8 34. h4 Rg7
35. Rxd6 Re5 36. Rfd1 Rh7 37. b4 Na4 38. Rd8+ Kg7 39. R1d7 Bc6 40. Rd6 Be8 41.
c4 bxc4 42. Bxc4 Nc3 43. Rxa6 Bb5 44. Raa8 Bxc4 45. Nxc4 Rxf5+ 46. Ke3 Rf3+ 47.
Kd4 Rd3+ 48. Ke5 f6+ 49. Ke6 Kh6 50. Nd6 1-0

[Event "Titled Tue 10th Jun Late"]
[Site "chess.com INT"]
[Date "2025.06.10"]
[Round "1"]
[White "Ozkan, Taha"]
[Black "Uyanga, Byambaa"]
[Result "1-0"]
[WhiteTitle "FM"]
[BlackTitle "WFM"]
[WhiteElo "2247"]
[BlackElo "2006"]
[WhiteFideId "34577173"]
[BlackFideId "2054906"]
[EventDate "2025.06.10"]

1. d4 Nf6 2. Bf4 d6 3. Nf3 c5 4. dxc5 Qa5+ 5. Nc3 Ne4 6. Bd2 Nxd2 7. Qxd2 Qxc5
8. e4 Nc6 9. a3 g6 10. Be2 Bg7 11. Rb1 O-O 12. O-O Bd7 13. Nd5 a6 14. b4 Qa7 15.
c4 Rac8 16. b5 axb5 17. cxb5 Na5 18. b6 Qa8 19. Nxe7+ Kh8 20. Nxc8 Rxc8 21. Qxd6
Bc6 22. Ng5 Rf8 23. Qf4 Kg8 24. e5 h6 25. Ne4 Qe8 26. Nf6+ Bxf6 27. Qxf6 Bd5 28.
Rfd1 Be4 29. Rbc1 Qa4 30. Rd8 Qxa3 31. Rxf8+ Qxf8 32. Rd1 Nc6 33. Bb5 Qg7 34.
Bxc6 Qxf6 35. exf6 Bxc6 36. Rd6 Kh7 37. Rxc6 bxc6 38. b7 c5 39. b8=Q c4 40. Qc8
c3 41. Qf8 c2 42. Qg7# 1-0

[Event "Titled Tue 10th Jun Late"]
[Site "chess.com INT"]
[Date "2025.06.10"]
[Round "1"]
[White "Bacrot, Etienne"]
[Black "Urbina Perez, Juan Antonio"]
[Result "1-0"]
[WhiteTitle "GM"]
[BlackTitle "FM"]
[WhiteElo "2633"]
[BlackElo "2221"]
[WhiteFideId "605506"]
[BlackFideId "2217368"]
[EventDate "2025.06.10"]

1. e4 c6 2. d4 d5 3. exd5 cxd5 4. Nf3 Nc6 5. c3 Bg4 6. Bd3 e6 7. h3 Bh5 8. Bf4
Bd6 9. Bxd6 Qxd6 10. Nbd2 Nge7 11. O-O Bg6 12. Ne1 O-O 13. Ndf3 f6 14. Qb3 Rab8
15. Bxg6 Nxg6 16. Nd3 b6 17. Rfe1 Rbe8 18. Rad1 Na5 19. Qa4 Qc6 20. Qxc6 Nxc6
21. h4 h5 22. g3 Kf7 23. Kg2 Rc8 24. Re2 Rfe8 25. a4 Nge7 26. Nf4 Nf5 27. Nxh5
Na5 28. Nf4 Nd6 29. Nd2 Nac4 30. Nxc4 Nxc4 31. Rde1 e5 32. Nxd5 exd4 33. cxd4
Nxb2 34. Ne7 Rc7 35. Nf5 Rxe2 36. Rxe2 Nxa4 37. h5 Rd7 38. g4 Nc3 39. Rc2 Nd5
40. Kf3 a5 41. Ke4 a4 42. Rc6 a3 43. Nd6+ 1-0

[Event "Titled Tue 10th Jun Late"]
[Site "chess.com INT"]
[Date "2025.06.10"]
[Round "1"]
[White "Garcia, Jhoel"]
[Black "Alekseev, Evgeny"]
[Result "0-1"]
[WhiteTitle "IM"]
[BlackTitle "GM"]
[WhiteElo "2293"]
[BlackElo "2520"]
[WhiteFideId "3801110"]
[BlackFideId "4138147"]
[EventDate "2025.06.10"]

1. e4 c5 2. Nf3 e6 3. d4 cxd4 4. Nxd4 Nc6 5. c4 Nf6 6. Nc3 Bb4 7. Nxc6 bxc6 8.
Bd3 e5 9. O-O Bc5 10. Kh1 d6 11. f4 Ng4 12. Qf3 Nxh2 13. Qg3 Nxf1 14. Bxf1 Qf6
15. f5 h6 16. Be2 g6 17. Bd2 gxf5 18. exf5 Bxf5 19. Rf1 Qg6 20. Qf3 Bd7 21. Ne4
f5 22. Nxc5 dxc5 23. Bc3 e4 24. Qh3 O-O 25. Bh5 Qg5 26. Rd1 Rad8 27. Rd6 Be8 28.
Rxd8 Bxh5 29. Rxf8+ Kxf8 30. Qh2 f4 31. Qh3 Bg4 32. Qh2 e3 33. g3 f3 34. Qc2
Qh5+ 35. Kg1 f2+ 36. Kf1 Qh3# 0-1

[Event "Titled Tue 10th Jun Late"]
[Site "chess.com INT"]
[Date "2025.06.10"]
[Round "1"]
[White "Smirnov, Alexandr A."]
[Black "Tabatabaei, M. Amin"]
[Result "1-0"]
[WhiteTitle "FM"]
[BlackTitle "GM"]
[WhiteElo "2136"]
[BlackElo "2655"]
[WhiteFideId "24104396"]
[BlackFideId "12521213"]
[EventDate "2025.06.10"]

1. e4 e5 2. Nf3 Nc6 3. Bc4 Bc5 4. O-O Nf6 5. d4 Bxd4 6. Nxd4 Nxd4 7. Bg5 h6 8.
Bh4 d6 9. f4 Be6 10. Na3 c6 11. c3 Bxc4 12. Nxc4 Ne6 13. Nxd6+ Kf8 14. fxe5 Qb6+
15. Bf2 Qa6 16. exf6 g5 17. Qh5 Rh7 18. e5 Rd8 19. Rfd1 Qa4 20. b3 Qf4 21. Re1
Qd2 22. c4 Qc2 23. Qe2 Qc3 24. Rac1 Qa5 25. Rcd1 Rb8 26. Qd3 Kg8 27. Nf5 h5 28.
Ne7+ Kh8 29. Be3 h4 30. Re2 Qxe5 31. Bxa7 Qxf6 32. Bxb8 Qxe7 33. Be5+ Kg8 34.
Qd6 Qe8 35. Bf6 h3 36. Rxe6 fxe6 37. Qd8 Kf7 38. Rd7+ 1-0

[Event "Titled Tue 10th Jun Late"]
[Site "chess.com INT"]
[Date "2025.06.10"]
[Round "1"]
[White "Sheehan, Ethan"]
[Black "Becking, Stephan"]
[Result "1/2-1/2"]
[BlackTitle "IM"]
[WhiteElo "2364"]
[BlackElo "2410"]
[WhiteFideId "30943965"]
[BlackFideId "4632478"]
[EventDate "2025.06.10"]

1. d4 d5 2. Nf3 c6 3. Bf4 Nf6 4. e3 Bg4 5. c4 Bxf3 6. gxf3 e6 7. Nc3 Nbd7 8. Qb3
Qb6 9. c5 Qxb3 10. axb3 a6 11. b4 Nh5 12. Bg3 Rc8 13. f4 Be7 14. Be2 Nxg3 15.
hxg3 O-O 16. Kd2 Rfe8 17. Kc2 Bf8 18. Bd3 h6 19. g4 g6 20. Rh2 Bg7 21. Ne2 Nf8
22. Ng1 f6 23. Nf3 Re7 24. Rah1 Rce8 25. e4 dxe4 26. Bxe4 e5 27. fxe5 fxe5 28.
d5 cxd5 29. Bxd5+ Kh8 30. Be4 Rd8 31. g5 h5 32. Nh4 Red7 33. Nxg6+ Nxg6 34.
Rxh5+ Kg8 35. Bxg6 Rd2+ 36. Kb3 e4 37. Bh7+ Kf8 38. Bxe4 Rxb2+ 39. Ka3 Rdd2 40.
R5h3 Ra2+ 41. Kb3 Rab2+ 42. Ka3 Ra2+ 43. Kb3 Rab2+ 44. Ka3 1/2-1/2